000 00699nam a2200217Ia 4500
003 LDD
008 190117s9999 xx 000 0 und d
020 _a8126708328
_c₹125
040 _cLDD
041 _ahi
082 _a8H3.7 र2601अ
100 _aरजा, राही मासूम
245 0 _aअसंतोष के दिन
_cराही मासूम रजा
246 _a Asantosh ke din
250 _a2सं.
260 _aनयी दिल्ली
_bराजकमल प्रकाशन
_c2004
300 _a92प.
901 _aRAJ
904 _aReqst by : पारिख
942 _2ddc
_cH
999 _c167987
_d167987